Spain Regions by Abbreviation - Statistics

General Stats
  • This quiz has been taken 74 times
  • The average score is 11 of 17
Answers on the Map
Answers color-coded by a green-red scale on the quiz's map according to % correct below.
 
Answer Stats
Abbv Community % Correct
AN Andalusia
91%
MD Madrid
91%
CT Catalonia
89%
AS Asturias
77%
CN Canary Islands
77%
GA Galicia
77%
AR Aragon
75%
CL Castile and León
74%
VC Valencia
74%
EX Extremadura
68%
MC Murcia
68%
CM Castilla-La Mancha
65%
IB Balearic Islands
61%
CB Cantabria
53%
RI La Rioja
47%
PV Basque Country
30%
NC Navarre
18%
No matching quizzes found
Score Distribution
Percent of People with Each Score
Percentile by Number Answered
Your Score History
You have not taken this quiz